Normal view
MARC view
Entry Personal Name
001 - CONTROL NUMBER
- control field: 12629
003 - CONTROL NUMBER IDENTIFIER
- control field: OSt
005 - DATE AND TIME OF LATEST TRANSACTION
- control field: 20220114145130.0
008 - FIXED-LENGTH DATA ELEMENTS
- fixed length control field: 220114|| aca||aabn | a|a d
040 ## - CATALOGING SOURCE
- Original cataloging agency: OSt
- Transcribing agency: OSt
100 ## - HEADING--PERSONAL NAME
- Personal name: Nasreen, Nehavijayan, Sanaha and Shwetha
670 ## - SOURCE DATA FOUND
- Source citation: Work cat.: (OSt): Nasreen, Nehavijayan, Sanaha and Shwetha, Finger prrint based licensing systems with vehicle automatio